000 01630nam a22002777a 4500
999 _c58781
_d58781
003 Ge_BSU
005 20220725132918.0
008 220725s2022ge xxu||||| |||| 00| 0 geo d
020 _a9789941488573
041 _ageo
080 _a53(075.8)+621.39 ღ-79
100 _aღომიძე, ნუგზარ
_91751
245 _aრადიოფიზიკა :
_bსახელმძღვანელო /
_cნუგზარ ღომიძე, ხესპი ღომიძე, რედ: ომარ ნაკაშიძე, იზოლდა ჯაბნიძე, ლალი კალანდაძე.
264 _aბათუმი:
_bბათუმის შოთა რუსთაველის სახელმწიფო უნივერსიტეტი,
_c2022.
300 _a336 გვ.:
_c29 სმ.
501 _aდანართი შემოკლ. აღნიშ. გვ:329-330 საძიებ.გვ: 332-336
504 _aბიბლიოგრაფ.გვ:331
653 _aრადიოფიზიკა
653 _aფიზიკა
700 _a ღომიძე, ხესპი
_914477
700 _a ნაკაშიძე, ომარ
_eრედაქტორი
_914478
700 _aჯაბნიძე, იზოლდა
_eრედაქტორი
_914479
700 _aკალანდაძე, ლალი
_eრედაქტორი
_914480
710 _aბათუმის შოთა რუსთაველის სახელმწიფო უნივერსიტეტი
_914481
942 _2udc
_cBK